Loading...
| Current Events | 1 | 10.00 | 100% | 0% | 0% |
| Fine Arts - Classical Music | 4 | 12.50 | 100% | 25% | 0% |
| Fine Arts - Other | 4 | 15.00 | 75% | 75% | 0% |
| Fine Arts - Painting and Sculpture | 7 | 8.57 | 71% | 14% | 0% |
| Geography | 1 | 10.00 | 100% | 0% | 0% |
| History - American | 6 | 20.00 | 100% | 100% | 0% |
| History - European | 8 | 18.75 | 88% | 63% | 38% |
| History - Other | 3 | 23.33 | 100% | 100% | 33% |
| History - World | 3 | 20.00 | 100% | 67% | 33% |
| Literature - American | 6 | 11.67 | 100% | 17% | 0% |
| Literature - British | 2 | 10.00 | 50% | 50% | 0% |
| Literature - European | 4 | 20.00 | 100% | 75% | 25% |
| Literature - World | 3 | 6.67 | 67% | 0% | 0% |
| Mythology | 5 | 18.00 | 100% | 60% | 20% |
| Other Academic | 1 | 10.00 | 100% | 0% | 0% |
| Philosophy | 5 | 8.00 | 60% | 20% | 0% |
| Pop Culture | 2 | 15.00 | 100% | 50% | 0% |
| Religion | 4 | 10.00 | 100% | 0% | 0% |
| Science - Biology | 5 | 10.00 | 100% | 0% | 0% |
| Science - Chemistry | 8 | 13.75 | 88% | 13% | 38% |
| Science - Other | 5 | 10.00 | 100% | 0% | 0% |
| Science - Physics | 7 | 14.29 | 86% | 57% | 0% |
| Social Science | 4 | 22.50 | 100% | 50% | 75% |